000 00542nam a2200193Ia 4500
005 20250326141215.0
008 250326s9999 xx 000 0 und d
020 _a1 86373 878 9
037 _aTextbook
040 _aFMSL
_beng
_cFMSL
041 _aeng
_2eng
084 _aX:91 N5
_qFMSL
100 _aBridges W
_9743941
245 0 _aJobshift: how to prosper in a workplace without jobs
_cBridges W
260 _aLondon
_bLondon, Allen & Unwin
_c1994
300 _a275p
942 _cTB
_hX:91 N5
999 _c1289222
_d1289222